La anexión de Centro América a México (Record no. 24541)

MARC details
000 -LEADER
campo de control de longitud fija 00778nam a2200205 i 4500
001 - NÚMERO DE CONTROL
campo de control 24541
003 - IDENTIFICADOR DE NÚMERO DE CONTROL
campo de control ES-MaACL
007 - CAMPO FIJO DE DESCRIPCIÓN FÍSICA--INFORMACIÓN GENERAL
campo de control de longitud fija t|
008 - DATOS DE LONGITUD FIJA--INFORMACIÓN GENERAL
campo de control de longitud fija 021217s1936 mx ||||1| spa d
245 03 - MENCIÓN DEL TÍTULO
Título La anexión de Centro América a México
Resto del título : (documentos y escritos de 1821-1822) /
Mención de responsabilidad, etc. compilación de Rafael Heliodoro Valle.
260 ## - PUBLICACIÓN, DISTRIBUCIÓN, ETC.
Lugar de publicación, distribución, etc. México :
Nombre del editor, distribuidor, etc. Secretaría de Relaciones Exteriores,
Fecha de publicación, distribución, etc. 1936.
300 ## - DESCRIPCIÓN FÍSICA
Extensión IX, 498 p. ;
Dimensiones 22 cm.
490 1# - MENCIÓN DE SERIE
Mención de serie Archivo Histórico Diplomático Mexicano ;
Designación de volumen o secuencia 40
505 8# - NOTA DE CONTENIDO CON FORMATO
Nota de contenido con formato Contiene: T. II
700 1# - ENTRADA AGREGADA--NOMBRE PERSONAL
Nombre de persona Valle, Rafael Heliodoro.
9 (RLIN) 112775
710 1# - ENTRADA AGREGADA--NOMBRE DE ENTIDAD CORPORATIVA
Nombre de entidad corporativa o nombre de jurisdicción como elemento de entrada México.
Unidad subordinada Secretaría de Relaciones Exteriores.
9 (RLIN) 5710
830 0# - PUNTO DE ACCESO ADICIONAL DE SERIE-TÍTULO UNIFORME
Título uniforme Archivo Histórico Diplomático Mexicano ;
Designación de volumen o secuencia 40
9 (RLIN) 180919
852 ## - LOCALIZACIÓN
Ubicación ES-MaACL
Número de control de estantería C-7049
Sublocalización o colección R.16721
Holdings
Estatus retirado Estado de pérdida Estado de daño No para préstamo Biblioteca de origen Biblioteca actual Ubicación en estantería Fecha de adquisición Fuente de adquisición Total de préstamos Signatura topográfica completa Código de barras Visto por última vez Precio de reemplazo Tipo de ítem Koha
        Biblioteca del Ateneo de Madrid Biblioteca del Ateneo de Madrid Sala Palomar 17/01/2008     C-7049 1025302 23/02/2023 23/02/2023 Libro impreso